| 000 | 00708nam a2200241Ia 4500 | ||
|---|---|---|---|
| 003 | OSt | ||
| 005 | 20220918211518.0 | ||
| 006 | a|||||r|||| 00| 0 | ||
| 007 | ta | ||
| 008 | 220917b |||||||| |||| 00| 0 eng d | ||
| 024 | _a124,670 | ||
| 037 | _cTextual | ||
| 040 |
_aARTS _cARTS _beng |
||
| 041 |
_2eng _aeng |
||
| 082 | _aW:78y7, H8 | ||
| 100 |
_aHall H Duncan _9120844 |
||
| 245 | 0 | _aMandates, dependencies and trusteeship | |
| 260 | _c1948 | ||
| 490 | _aCarnegie endowment for international peace, studies in the administration of international law and organization; 9 | ||
| 650 | _aPOLITICAL SCIENCE | ||
| 942 |
_hW:78y7, H8 _cTEXL _2CC |
||
| 999 |
_c247856 _d247856 |
||